| 000 | 00578nam a22002177a 4500 | ||
|---|---|---|---|
| 003 | UA-OsUOA | ||
| 001 | 42351 | ||
| 007 | ta | ||
| 008 | 20061102b un ||||| |||| 00| 0 ukr d | ||
| 090 |
_a37.02 _bK64 |
||
| 942 | _cBK | ||
| 040 |
_aUA-OsUOA _beng _cUA-OsUOA _dUA-OsUOA |
||
| 245 |
_aControl in teaching foreign language competency _cEd. Zhukovsky V. M. |
||
| 300 | _a147 с. | ||
| 955 | _a2 | ||
| 041 | _aeng | ||
| 080 | _a37.02 | ||
| 260 |
_aОстрог _bNUOA _c2006 |
||
| 650 | 7 |
_a37.0 Основні види та принципи освіти _2UDC |
|
| 999 |
_c328461 _d328461 |
||